Central Library OPAC University of Rajshahi

সাতকাহন / (Record no. 54516)

MARC details
000 -LEADER
fixed length control field 00806nam a2200229 a 4500
001 - CONTROL NUMBER
control field 54516
003 - CONTROL NUMBER IDENTIFIER
rucl marc code BD-RjUL
005 - DATE AND TIME OF LATEST TRANSACTION
control field 20211209080131.0
008 - FIXED-LENGTH DATA ELEMENTS--GENERAL INFORMATION
fixed length control field 161107r19941991ii ||||| |||| 00| f ben d
020 ## - INTERNATIONAL STANDARD BOOK NUMBER
International Standard Book Number 8170669618
Terms of availability : Tk. 90.00
035 ## - SYSTEM CONTROL NUMBER
System control number (BD-RjUL)54638
040 ## - CATALOGING SOURCE
Original cataloging agency BD-RjUL
Language of cataloging ben
Transcribing agency BD-RjUL
041 ## - LANGUAGE CODE
Language code of text/sound track or separate title ben
082 ## - DEWEY DECIMAL CLASSIFICATION NUMBER
Edition number 23
Classification number 891.443
Author mark and year MAS 1994
100 ## - MAIN ENTRY--PERSONAL NAME
Personal name মজুমদার, সমরেশ
9 (RLIN) 162630
245 10 - TITLE STATEMENT
Title সাতকাহন /
Statement of responsibility, etc. সমরেশ মজুমদার
260 ## - PUBLICATION, DISTRIBUTION, ETC. (IMPRINT)
Place of publication, distribution, etc. কলকাতা :
Name of publisher, distributor, etc. আনন্দ পাবলিশার্স,
Date of publication, distribution, etc. ১৯৯১ [মুদ্রণ ১৯৯৪]
300 ## - PHYSICAL DESCRIPTION
Pagination ৩৮০ পৃ. ;
Size ২৩ সেমি.
650 ## - SUBJECT ADDED ENTRY--TOPICAL TERM
Topical term or geographic name as entry element বাংলা উপন্যাস
9 (RLIN) 162631
Topical term or geographic name as entry element Bengali Fiction
9 (RLIN) 162632
942 ## - ADDED ENTRY ELEMENTS (KOHA)
Source of classification or shelving scheme Dewey Decimal Classification
Koha item type Books
Holdings
Lost status Source of classification or shelving scheme Damaged status Not for loan Collection code Permanent Location Current Location Shelving location Date acquired Source of acquisition Cost, normal purchase price Total Checkouts Total Renewals Full call number Checked out Date last seen Date checked out Copy number Koha item type
  Dewey Decimal Classification     Fiction Central Library, University of Rajshahi Central Library, University of Rajshahi   15/09/2002 History Dept, RU 90.00 24 1 B 891.443 MAS 1994 08/06/2026 20/05/2026 20/05/2026 C-2 Books